[Event "Mondiale Junior mas"]
[Site "Gaziantep TUR"]
[Date "2008.08.08"]
[Round "7"]
[White "Baramidze, D."]
[Black "Can, E."]
[Result "1/2-1/2"]
[WhiteElo "2593"]
[BlackElo "2460"]
[PlyCount "90"]
[EventDate "2008.08.03"]
[Source "www.chesslib.no"]
[SourceDate "2004.05.04"]

1. e4 e6 2. d4 d5 3. Nc3 Bb4 4. e5 c5 5. a3 Bxc3+ 6. bxc3 Qc7 7. Nf3 Ne7 8. h4 Bd7 9. h5 Ba4 10. h6 gxh6 11. Ra2 Nd7 12. Bxh6 Nf5 13. Bf4 O-O-O 14. g4 Ne7 15. Bd3 c4 16. Be2 f6 17. Bg3 Qa5 18. Qd2 Ng6 19. exf6 Nxf6 20. Ng5 Rhe8 21. f4 Re7 22. Qe3 Qb6 23. Kd2 Rh8 24. Rh6 Qb1 25. Bd1 Rg8 26. Bh2 Qxa2 27. Qg3 e5 28. fxe5 Ne8 29. e6 Nc7 30. Nxh7 Rh8 31. Rxg6 Rexh7 32. Rh6 Na6 33. g5 Rxh6 34. gxh6 Qxa3 35. Qg7 Qf8 36. Qxf8+ Rxf8 37. Be5 Kd8 38. h7 Ke7 39. Bg4 Nb8 40. h8=Q Rxh8 41. Bxh8 Nc6 42. Bg7 Nd8 43. Bh6 Nxe6 44. Bxe6 Kxe6 45. Kc1 Kf5 1/2-1/2

[Event "Vienna Open"]
[Site "Vienna AUT"]
[Date "1994.??.??"]
[Round "8"]
[White "Kindermann, Stefan E S"]
[Black "Farago, Ivan"]
[Result "1/2-1/2"]
[WhiteElo "2535"]
[BlackElo "2515"]
[PlyCount "48"]
[EventDate "1994.10.??"]
[Source "www.chesslib.no"]
[SourceDate "2004.05.04"]

1. e4 e6 2. d4 d5 3. Nc3 Bb4 4. e5 Ne7 5. a3 Bxc3+ 6. bxc3 c5 7. Nf3 Bd7 8. a4 Qa5 9. Bd2 Nbc6 10. Bb5 a6 11. Bxc6 Nxc6 12. O-O O-O 13. Re1 cxd4 14. cxd4 Qc7 15. Ra3 f6 16. exf6 Rxf6 17. Bg5 Rf7 18. Bh4 Qa5 19. Ree3 Raf8 20. Bg3 Bc8 21. h3 Qd8 22. Ne5 Nxe5 23. Rxe5 Bd7 24. Qd2 Qe7 1/2-1/2